000 00784nam a2200289 a 4500
001 000036145
003 DO-SdBNP
005 20241111100324.0
007 000036145
008 100301s 1994 sp 000 f spa d
020 _a8449500699
040 _aBPMSU
_bspa
_cBPMSU
082 4 _a863.3
_bC419n 1994
_222
100 1 _aCervantes Saavedra, Miguel de,
_d1547-1616.
_935
245 1 0 _aNovelas ejemplares, 11 /
_cMiguel de Cervantes.
250 _a
260 _aMadrid :
_bEdiciones Fraile,
_c1994.
300 _a209 p. ;
_c22 cm.
490 0 _aClásicos de siermpre
500 _a
590 _aInventariado, 2024/VM
650 4 _aNovela española
650 4 _aLiteratura española
700 _a
_e
910 _aVMateo V. Control de calidad. BPMSU
942 _2ddc
_cBK
999 _c9052
_d9052